| 000 | 00689nam a22002417a 4500 | ||
|---|---|---|---|
| 003 | UA-OsUOA | ||
| 001 | 87181 | ||
| 007 | ta | ||
| 008 | 20120915b un ||||| |||| 00| 0 ukr d | ||
| 100 | _aЮревич В. | ||
| 090 |
_a82.09 _bЮ68 |
||
| 942 | _cBK | ||
| 040 |
_aUA-OsUOA _brus _cUA-OsUOA _dUA-OsUOA |
||
| 245 | _aИспытание зрелостью | ||
| 300 | _a253 с. | ||
| 955 | _a4 | ||
| 041 | _arus | ||
| 080 | _a82.09 | ||
| 260 |
_aМ. _bСоветский писатель _c1981 |
||
| 246 | 3 | 1 |
_aО современной билорусской литературе _n |
| 650 | 7 |
_a82 Література. Літературознавство _2UDC |
|
| 999 |
_c373472 _d373472 |
||